000 01680nam1a2200313 i 4500
001 RU\NLR\bibl\957654
005 20260409071736.0
035 _a(NLR Aleph) 000945711
090 _a247979
_c247979
100 _a20060607g20069999k y0rusy50 ca
101 0 _arus
102 _aRU
105 _a||||z |||||
200 1 _aСовременные проблемы информатизации в моделировании и программировании
_eсборник трудов
_e(по итогам XI международной открытой научной конференции)
_f[редкол.: Кравец О. Я., д.т.н., проф. (гл. ред.) и др.]
210 _aВоронеж
_cНаучная книга
_d2006
215 _d20
300 _aВ надзаг.: Воронеж. гос. техн. ун-т, Липец. гос. техн. ун-т, Волог. гос. техн. ун-т [и др.]
313 _aпо конференции "Современные проблемы информатизации в системах моделирования, программирования и телекоммуникациях"
463 0 _1001931285
606 _aИнформационные технологии
_jСъезды, совещания и т.п.
_3RU\NLR\auth\66778624
_91740175
686 _aЗ973.233я431
702 1 _aКравец
_bО. Я.
_gОлег Яковлевич
_4340
801 0 _aRU
_bNLR
_c20060607
_grcr
801 1 _aRU
_bNLR
_c20060607
830 _aпо эк
852 _aNLR
_j2006-3/10335
942 _cBOOK